000 00645cam a22002293a 4500
001 24222
003 PGUSA
005 20140828083522.0
008 080110s2008||||xxu|||||s|||||000 | eng d
040 _aPGUSA
_beng
042 _adc
050 4 _aQB
100 1 _aChambers, George F.
_q(George Frederick),
_d1841-1915
245 1 4 _aThe Story of Eclipses
_h[electronic resource] /
_cGeorge F. Chambers
260 _bProject Gutenberg,
_c2008
506 _aPublic domain in the USA.
516 _aElectronic text
653 _aEclipses
830 0 _aProject Gutenberg
_v24222
856 4 0 _uhttp://www.gutenberg.org/ebooks/24222
942 _cEB
999 _c253477
_d253477